[Event "Moscow op-B"]
[Site "Moscow"]
[Date "2009.02.08"]
[Round "9"]
[White "Spichkin, Alexander"]
[Black "Uliashev, Pavel"]
[Result "1/2-1/2"]
[WhiteElo "2201"]
[BlackElo "2267"]
[PlyCount "178"]
[EventDate "2009.01.31"]
[EventType "swiss"]
[EventRounds "9"]
[EventCountry "RUS"]
[SourceTitle "EXT 2012"]
[Source "ChessBase"]
[SourceDate "2011.11.24"]
[SourceVersion "1"]
[SourceVersionDate "2011.11.24"]
[SourceQuality "1"]

1. c3 Nf6 2. d3 d5 3. h3 e5 4. g4 h6 5. Nd2 Be6 6. Bg2 c6 7. Qc2 Nbd7 8. Ngf3 a5 9. Nf1 Bd6 10. Ng3 Qc7 11. Nf1 0-0-0 12. Bd2 Rhe8 13. 0-0-0 c5 14. g5 Ng8 15. Qa4 e4 16. Ne1 f5 17. h4 c4 18. d4 f4 19. b3 Bf5 20. Nc2 Nb8 21. Kb2 Bd7 22. Bh3 Bxh3 23. Rxh3 Qd7 24. Qxd7+ Nxd7 25. bxc4 dxc4 26. Na3 Nb6 27. Nb5 Bb8 28. Kc2 hxg5 29. hxg5 Rd5 30. Rb1 Rxg5 31. Rh4 Rf8 32. Ng3 e3 33. Ne4 Rg2 34. fxe3 fxe3 35. Bxe3 Rxe2+ 36. Bd2 Kd7 37. Rg1 Rf4 38. Rxg7+ Ne7 39. Nc5+ Ke8 40. Rh8+ Rf8 41. Rxf8+ Kxf8 42. Rg4 Nf5 43. Kd1 Re7 44. Rg5 Nd6 45. Rg6 Nbc8 46. Bh6+ Kf7 47. Rg7+ Kf6 48. Nxd6 Bxd6 49. Rg8 Rc7 50. Ne4+ Kf5 51. Nxd6+ Nxd6 52. Rg5+ Ke6 53. Rxa5 Rf7 54. Re5+ Kd7 55. Ke2 Rf5 56. Rxf5 Nxf5 57. Bf8 Kc6 58. Kf3 Kd5 59. Bc5 Ng7 60. a4 Ne6 61. Bb6 Ng5+ 62. Ke3 Ne4 63. Ba5 Nf6 64. Kf4 Kc6 65. Ke3 Kd5 66. Bb4 Kc6 67. Bf8 Kd5 68. Bb4 Kc6 69. Ba3 Kd5 70. Kf4 Kc6 71. Ke5 Nd5 72. Bb2 Ne3 73. Bc1 Nd5 74. Bd2 Nc7 75. Be1 Nd5 76. Ke4 Nc7 77. Ke3 Nd5+ 78. Kd2 Kb6 79. Ke2 Kc6 80. Kf3 Nf6 81. Kf4 Nd5+ 82. Ke5 Nc7 83. a5 Nd5 84. Bd2 Nc7 85. d5+ Nxd5 86. Kd4 Nxc3 87. Kxc3 Kb5 88. Kd4 b6 89. axb6 Kxb6 1/2-1/2

[Event "Berdsk Maestro op 13th"]
[Site "Berdsk"]
[Date "2007.07.09"]
[Round "2"]
[White "Uliashev, Pavel"]
[Black "Dolgov, Alexander"]
[Result "1-0"]
[WhiteElo "2298"]
[BlackElo "2041"]
[PlyCount "44"]
[EventDate "2007.07.08"]
[EventType "swiss"]
[EventRounds "9"]
[EventCountry "RUS"]
[SourceTitle "EXT 2022"]
[Source "ChessBase"]
[SourceDate "2021.10.06"]
[SourceVersion "1"]
[SourceVersionDate "2021.10.06"]
[SourceQuality "1"]

1. d4 Nf6 2. Nf3 d5 3. c4 c6 4. e3 Bf5 5. Nc3 e6 6. Be2 Be7 7. 0-0 0-0 8. Nh4 Bg6 9. Nxg6 hxg6 10. Qc2 Nbd7 11. b3 Rc8 12. Rd1 Qc7 13. Bb2 Rfd8 14. Rac1 a6 15. Qb1 Qb8 16. g3 b5 17. cxd5 cxd5 18. Bf3 Nb6 19. Ne2 Rxc1 20. Rxc1 Rc8 21. Nc3 a5 22. Re1 a4 1-0